| 000 | 01029nac a22003017a 4500 | ||
|---|---|---|---|
| 001 | BR9301303 | ||
| 003 | BR-BrBNA | ||
| 005 | 20240105121427.0 | ||
| 008 | 230509b bl.|||m| |||| 00| 0 por d | ||
| 040 |
_aBR-BrBNA _bpor _cBiblioteca Nacional de Agricultura |
||
| 072 | _aP35; P36; E16 | ||
| 090 | _aP35 BR9301303 | ||
| 100 | 1 | _aLanzer, E.A. | |
| 100 | 1 | _aMatuella, J.L. | |
| 110 | 1 |
_aPrograma Nacional de Pesquisa Economica, Rio de Janeiro, RJ (Brasil) _98044 |
|
| 245 | 1 | _aA economia da conservacao de um recurso natural: o solo agricola no Sul do Brasil | |
| 260 | 3 |
_aRio de Janeiro, RJ (Brasil): _c1988. |
|
| 300 | _a110 p. | ||
| 490 |
_aSerie Fac-Simile - Programa Nacional de Pesquisa Economica (Brazil) _vno. 31 _x |
||
| 500 | _a22 tables; Bibliography p. 83-88 (53 ref.); Summary (Pt | ||
| 650 | _aSolo | ||
| 650 | _aConservacao do Solo | ||
| 650 | _aAdubacao | ||
| 650 | _aAnalise Economica | ||
| 650 | _aCusto de Producao | ||
| 909 |
_a202312 _bLúcia Elande _c55 _dLúcia Elande |
||
| 942 |
_2AGRIS _n0 _cMS |
||
| 999 |
_c285237 _d285237 |
||